00319nam a2200109Ia 4500008004100000041000800041100001300049245007000062260003300132300000800165700003600173250110s9999 xx 000 0 und d aeng aBarve R. aLandscape Master Plan Proposal For An Urban Park : At Taljai Pune bM Arch Landscape, Punec2009 a80p aGuide Name:Sahastrabuddhe Swati